000 00813nam a2200301Ia 4500
001 1119
003 IT-RoPAU
008 130308s9999 xx 000 0 und d
040 _aIT-RoPAU
040 _cIT-RoPAU
041 _aITALIANO
100 _aBunuan Ignazia
100 _gCodice Aut. SPICS: 8695
245 _aAudiovisivo
245 _bAtti dell'Incontro internazionale di Apostolato
250 _a1a ed.
260 _aROMA
260 _bEdizioni Paoline Fsp
260 _c1976 [1° Ed.:1976 - Ed.Ling.Originale:1976]
300 _a"6 p. (prefazione: no ; testo: 6 [pagine: 1411-46])"
500 _aAudiovisivo Come Nuova Comunicazione
650 _aAUTORI/OPERE FAMIGLIA PAOLINA
650 _eCodice materia Spics: 9903
942 _cBK
957 _71
999 _c64879
_d64879
999 _bSI
999 _g1